Quarterly bulletin of coal statistics for Europe

Enregistré dans:
Détails bibliographiques
Format: Publication en série
Langue:anglais
français
russe
Publié: New York United Nations 1966
Tags: Ajouter un tag
Pas de tags, Soyez le premier à ajouter un tag!

MARC

LEADER 00000nas2a2200000$$$4500
001 0017081
005 20250730114350.5
041 0 |a eng 
041 0 |a fre 
041 0 |a rus 
044 |a US 
245 1 0 |a Quarterly bulletin of coal statistics for Europe 
264 1 |a New York  |b United Nations  |c 1966 
300 |a 1 zv. 
773 0 |w eu_un_cat*0017080